Rozdziały Konstytucji RP - Statystyki

Ogólne statystyki
  • Ten quiz został rozwiązany 90 razy
  • Średni wynik to 6 z 14
Statystyki odpowiedzi
# Nazwa rozdziału % Poprawnych
Preambuła
94%
1 Rzeczpospolita
85%
4 Sejm i Senat
56%
5 Prezydent RP
47%
3 Źródła prawa
47%
12 Zmiana Konstytucji
44%
8 Sądy i Trybunały
41%
7 Samorząd terytorialny
32%
10 Finanse publiczne
29%
13 Przepisy przejściowe i końcowe
29%
2 Wolności, prawa i obowiązki człowieka i obywatela
29%
11 Stany nadzwyczajne
26%
6 Rada Ministrów i administracja rządowa
24%
9 Organy kontroli państwowej i ochrony prawa
18%
Nie znaleziono quizów pasujących do podanych kryteriów
Rozkład punktacji
Procent ludzi z każdym wynikiem
Percentyl według liczby udzielonych odpowiedzi
Twoja historia wyników
Nie rozwiązałeś tego quizu